<?xml version="1.0" encoding="UTF-8"?>
<record
    xmlns:xsi="http://www.w3.org/2001/XMLSchema-instance"
    xsi:schemaLocation="http://www.loc.gov/MARC21/slim http://www.loc.gov/standards/marcxml/schema/MARC21slim.xsd"
    xmlns="http://www.loc.gov/MARC21/slim">

  <leader>00399nam a22001817a 4500</leader>
  <datafield tag="999" ind1=" " ind2=" ">
    <subfield code="c">11549</subfield>
    <subfield code="d">11549</subfield>
  </datafield>
  <controlfield tag="003">OSt</controlfield>
  <controlfield tag="008">220923b           ||||| |||| 00| 0 eng d</controlfield>
  <datafield tag="020" ind1=" " ind2=" ">
    <subfield code="a">9789391392253</subfield>
  </datafield>
  <datafield tag="082" ind1=" " ind2=" ">
    <subfield code="a">005.133 KAL</subfield>
  </datafield>
  <datafield tag="100" ind1=" " ind2=" ">
    <subfield code="a">KANETKAR,Yashavant</subfield>
  </datafield>
  <datafield tag="245" ind1=" " ind2=" ">
    <subfield code="a">Let us Python</subfield>
  </datafield>
  <datafield tag="250" ind1=" " ind2=" ">
    <subfield code="a">4th</subfield>
  </datafield>
  <datafield tag="260" ind1=" " ind2=" ">
    <subfield code="a">New Delhi</subfield>
    <subfield code="b">BPB</subfield>
    <subfield code="c">2019</subfield>
  </datafield>
  <datafield tag="300" ind1=" " ind2=" ">
    <subfield code="a">453</subfield>
  </datafield>
  <datafield tag="650" ind1=" " ind2=" ">
    <subfield code="a">IT</subfield>
  </datafield>
  <datafield tag="700" ind1=" " ind2=" ">
    <subfield code="a">KANETKAR,Aditya</subfield>
  </datafield>
  <datafield tag="942" ind1=" " ind2=" ">
    <subfield code="2">ddc</subfield>
    <subfield code="c">BK</subfield>
  </datafield>
  <datafield tag="952" ind1=" " ind2=" ">
    <subfield code="0">0</subfield>
    <subfield code="1">0</subfield>
    <subfield code="2">ddc</subfield>
    <subfield code="4">0</subfield>
    <subfield code="7">0</subfield>
    <subfield code="8">CSEAIDS</subfield>
    <subfield code="a">PIET</subfield>
    <subfield code="b">PIET</subfield>
    <subfield code="d">2022-09-13</subfield>
    <subfield code="e">New Mohan Book Depot Sonepat</subfield>
    <subfield code="f">IN Rupees</subfield>
    <subfield code="g">320.00</subfield>
    <subfield code="k">742</subfield>
    <subfield code="l">0</subfield>
    <subfield code="o">005.133 KAL</subfield>
    <subfield code="p">34183</subfield>
    <subfield code="r">2022-09-23 00:00:00</subfield>
    <subfield code="v">320.00</subfield>
    <subfield code="w">2022-06-24</subfield>
    <subfield code="y">BK</subfield>
    <subfield code="z">Decentralisation of books</subfield>
  </datafield>
  <datafield tag="952" ind1=" " ind2=" ">
    <subfield code="0">0</subfield>
    <subfield code="1">0</subfield>
    <subfield code="2">ddc</subfield>
    <subfield code="4">0</subfield>
    <subfield code="7">0</subfield>
    <subfield code="8">BTECHCSE</subfield>
    <subfield code="a">PIET</subfield>
    <subfield code="b">PIET</subfield>
    <subfield code="d">2023-03-15</subfield>
    <subfield code="e">International Book Centre</subfield>
    <subfield code="f">IN RUPEES</subfield>
    <subfield code="g">360.00</subfield>
    <subfield code="k">IB/CM/95</subfield>
    <subfield code="l">8</subfield>
    <subfield code="o">005.133 KAL</subfield>
    <subfield code="p">34779</subfield>
    <subfield code="q">2026-11-13</subfield>
    <subfield code="r">2026-04-27 12:29:29</subfield>
    <subfield code="s">2026-04-27</subfield>
    <subfield code="v">252.00</subfield>
    <subfield code="w">2023-03-15</subfield>
    <subfield code="y">BK</subfield>
    <subfield code="z">Decentralization</subfield>
  </datafield>
</record>
